[Event "Copenhagen Obro New Year op"]
[Site "Copenhagen"]
[Date "2017.??.??"]
[Round "6"]
[White "Vesterli, Michael"]
[Black "Besq, Alexander Le"]
[Result "1/2-1/2"]
[WhiteElo "2079"]
[BlackElo "2057"]
[PlyCount "92"]
[EventDate "2017.12.27"]
[EventType "swiss"]
[EventRounds "7"]
[EventCountry "DEN"]
[SourceTitle "CBM 182 Extra"]
[Source "ChessBase"]
[SourceDate "2018.02.23"]
[SourceVersion "1"]
[SourceVersionDate "2018.02.23"]
[SourceQuality "1"]

1. Nf3 Nf6 2. d4 g6 3. c4 Bg7 4. Nc3 0-0 5. e4 d6 6. Be2 e5 7. 0-0 Nc6 8. d5 Ne7 9. Ne1 Nd7 10. Be3 f5 11. f3 f4 12. Bf2 g5 13. a4 Ng6 14. a5 h5 15. Nd3 Nf6 16. c5 g4 17. a6 b6 18. cxd6 cxd6 19. Nb4 g3 20. hxg3 fxg3 21. Bxg3 h4 22. Nc6 Qd7 23. Bh2 Bh6 24. Qd3 Nf4 25. Qc2 Qg7 26. Bc4 N6h5 27. Bxf4 Bxf4 28. Kf2 Ng3 29. Rg1 Qg5 30. Qd3 Rf7 31. Nb5 Qg6 32. Ke1 Nh5 33. Qc2 Be3 34. Rh1 Qg3+ 35. Kd1 h3 36. Bf1 Nf4 37. Nxd6 hxg2 38. Bxg2 Nxg2 39. Nxf7 Kxf7 40. Nxe5+ Qxe5 41. Qxg2 Bh3 42. Qxh3 Qd4+ 43. Kc2 Qc4+ 44. Kb1 Qd3+ 45. Ka2 Qxa6+ 46. Kb1 Qd3+ 1/2-1/2